| 000 | 00617nam a22001937a 4500 | ||
|---|---|---|---|
| 005 | 20251108172010.0 | ||
| 008 | 250721s1986 xx 000 0 ara d | ||
| 082 | 1 | 4 | _a956.4/خلي |
| 100 | 1 | _aالسواحري، خليل | |
| 245 | 1 | 0 |
_aالفلسطينيون : _bالتهجير القسري و الرعاية الإجتماعية / |
| 264 | 1 |
_aعمان : _bدار الكرمل، _c1986. |
|
| 300 | _a109ص | ||
| 490 | 0 | _aدراسات صامد الإقتصادي ،2 | |
| 650 | 1 | 7 | _aفلسطين |
| 650 | 1 | 7 | _aتاريخ |
| 650 | 1 | 7 | _aالهجرة و المهاجرين |
| 942 |
_2ddc _cBK |
||
| 999 |
_c67904 _d67904 |
||